Tục kẻ mang, kẻ búa, kẻ nản của người Tày Cao Bằng

Nội dung sách nói về văn hóa tâm linh của người Tày -Nùng như tục giải bùa, giải hạn, cầu hồn,...Sách gồm hai chương. Chương 1: Khái quát về người Tày - Nùng ở Cao Bằng. Chương 2: Lễ kẻ mang, kẻ búa, kẻ nản của người Tày - Nùng....

全面介绍

Đã lưu trong:
书目详细资料
主要作者: Triệu, Thị Mai
格式: 图书
语言:Undetermined
出版: Hà Nội Khoa học - Xã hội 2015
主题:
标签: 添加标签
没有标签, 成为第一个标记此记录!
Thư viện lưu trữ: Trung tâm Học liệu Trường Đại học Cần Thơ
LEADER 01001nam a2200205Ia 4500
001 CTU_209409
008 210402s9999 xx 000 0 und d
082 |a 398.4109597 
082 |b M103 
100 |a Triệu, Thị Mai 
245 0 |a Tục kẻ mang, kẻ búa, kẻ nản của người Tày Cao Bằng 
245 0 |c Triệu Thị Mai 
260 |a Hà Nội 
260 |b Khoa học - Xã hội 
260 |c 2015 
520 |a Nội dung sách nói về văn hóa tâm linh của người Tày -Nùng như tục giải bùa, giải hạn, cầu hồn,...Sách gồm hai chương. Chương 1: Khái quát về người Tày - Nùng ở Cao Bằng. Chương 2: Lễ kẻ mang, kẻ búa, kẻ nản của người Tày - Nùng. 
650 |a Phong tục tập quán,Manners and customs 
650 |z Việt Nam,Vietnam 
904 |i Châu Thiên Phúc,Hải 
980 |a Trung tâm Học liệu Trường Đại học Cần Thơ